01116nam a2200265 a 450000100060000000300090000600800410001502000150005604000280007108200180009910000240011724500340014126000430017530000110021859000490022965000340027865000310031265000300034365000310037394200120040499900170041695201530043395201310058695201330071718053CO-ViMGA141112s2004 ck r 000 u spa d a844931125X aCO-ViMGAbspacCO-ViMGA04a372.218 L464a1 aLipkin, Lisa92563310aAprender a educar con cuentos aBarcelona (España), cPaidos, c2001 a216.p. aForma de adquisición : Premio - Mincultura14aeducación DE NIÑOS91291514aNARRACION DE CUENTOS9806414aPSICOLOGIA INFANTIL9163114aRECREACION FAMILIAR925634 2ddccBK c27429d27429 00102ddc40708003aMEVIECARbMEVIECARd2015-12-04hVolumen. 1 | 11/jun/2009l0o372.218 L464a p18053r2015-12-04 00:00:00tEj. 1w2015-12-04yBK 00102ddc40708GENaMECUMARAbMECUMARAcGENd2024-06-05l0o371.042L36apCUM00343r2024-06-05 22:04:01tEj.1w2024-06-05yBK 00102ddc40708GENaMERESTREbMERESTREcGENd2025-07-18l0o372.218 L464apRES00609r2025-07-18 16:08:14tEj.1w2025-07-18yBK